| 000 | 00522nam a22001697a 4500 | ||
|---|---|---|---|
| 003 | OSt | ||
| 082 |
_a627.52 _bDRI/IN |
||
| 088 | _aP 507 | ||
| 100 |
_aDrisya A K _94946 |
||
| 100 |
_aGokul Prakash _94947 |
||
| 100 |
_aJahana Thasneem P _94948 |
||
| 245 | _aInvestigations on Ergonomics and safety measures of Agricultural implements used by workers of Mgnrega | ||
| 260 |
_aTavanur _bDepartment of farm machinery and power engineering _c2021 |
||
| 300 | _a79 p | ||
| 700 |
_aSindhu Bhaskar (Guide) _94988 |
||
| 942 | _cPR | ||
| 999 |
_c17396 _d17396 |
||